000 00695nam a2200217 a 4500
001 48232
003 BD-RjUL
005 20211209054502.0
008 160813s1978 bg ||||| |||| 00| 0 ben d
035 _a(BD-RjUL)48351
040 _aBD-RjUL
_bben
_cBD-RjUL
041 _aben
082 _223
_a792
_bBAN 1978
110 _aবাংলাদেশ শিল্পকলা একাডেমী
_9130141
245 0 0 _aনাট্যোৎসব /
260 _aঢাকা :
_bবাংলা একাডেমী,
_c১৯৭৮
300 _a৯১ পৃ. :
_bচিত্র ;
_c২২ সেমি.
650 _aনাটক
_9146086
650 _aDrama
_9146087
942 _2ddc
_cBK
999 _c48232
_d48232